00923 2200157 4500001002100000005001500021035002000036245004600056100001800102250001700120300003400137260003100171020002200202650001400224520052700238INLIS00000000000001320240318051351 a0010-03240000131 a101 Fakta Unik Indonesia /cKoen Setyawan0 aKoen Setyawan acetakan ke-1 aviii, 48 hlm :bilus ;c24 cm aSolo :bTiga Ananda,c2018 a978-602-366-461-0 4aBuku Anak aIndonesia adalah satu dari sekian negara yang mempunyai kekayaan budaya dan alam yang melimpah. Indonesia merupakan salah satu negara kepulauan terbesar. Indonesia juga merupakan salah satu negara yang mempunyai jumlah penduduk yang besar. Bahkan, salah satu warisan budaya dan pulau di Indonesia pernah menjadi keajaiban dunia. Tak hanya itu, masih banyak berbagai kekayaan dan keunikan yang dimiliki Indonesia. Itu semua hanya dapat ditemukan di negara ini. Apa sajakah keunikan-keunikan itu? Cari tahu di buku ini, yuk!